[Event "Padova op-B 7th"]
[Site "Padova"]
[Date "2004.12.18"]
[Round "4"]
[White "Ungaro, Olindo"]
[Black "Porta, Federico"]
[Result "1-0"]
[WhiteElo "1999"]
[BlackElo "1799"]
[PlyCount "99"]
[EventDate "2004.12.11"]
[EventType "swiss"]
[EventRounds "6"]
[EventCountry "ITA"]
[SourceTitle "EXT 2023"]
[Source "ChessBase"]
[SourceDate "2022.10.05"]
[SourceVersion "1"]
[SourceVersionDate "2022.10.05"]
[SourceQuality "1"]

1. e4 d5 2. exd5 Qxd5 3. Nc3 Qa5 4. d4 Nf6 5. Nf3 Bf5 6. Bc4 e6 7. Bd2 c6 8. Ne4 Qc7 9. Nxf6+ gxf6 10. Bb3 Nd7 11. Qe2 Bd6 12. Nh4 Bg6 13. g3 0-0-0 14. 0-0-0 Kb8 15. f4 Rhe8 16. Rhe1 c5 17. f5 c4 18. Ba4 b5 19. Bxb5 exf5 20. Qxc4 Re4 21. Rxe4 fxe4 22. Qxc7+ Bxc7 23. Re1 f5 24. Bxd7 Rxd7 25. c3 Bd8 26. Bf4+ Kc8 27. Ng2 Bh5 28. Ne3 Bg6 29. Rf1 Be7 30. Bh6 Bd8 31. Bf4 Be7 32. b4 Kb7 33. Rd1 Kc8 34. Kb2 Bh5 35. Rd2 Bg6 36. a3 f6 37. c4 a5 38. c5 axb4 39. axb4 Rb7 40. Kc3 Ra7 41. Kb3 Bf7+ 42. d5 Rb7 43. Kc4 Ra7 44. Nxf5 Bf8 45. Bd6 Bg6 46. Bxf8 Bxf5 47. Bh6 Ra3 48. Rf2 Bg6 49. Rxf6 e3 50. Rf8+ 1-0